🇵🇱 Mapy centrów miast polskich - Statystyki

Ogólne statystyki
  • Ten quiz został rozwiązany 41 razy
  • Średni wynik to 10 z 32
Statystyki odpowiedzi
Obrazkowy Odpowiedź % Poprawnych
Warszawa
91%
Gdańsk
76%
Poznań
73%
Wrocław
73%
Kraków
70%
Lublin
70%
Katowice
64%
Łódź
61%
Toruń
52%
Szczecin
48%
Zabrze
33%
Opole
30%
Częstochowa
27%
Bielsko-Biała
24%
Bydgoszcz
21%
Gliwice
21%
Kielce
21%
Rzeszów
18%
Zielona Góra
18%
Gdynia
15%
Rybnik
15%
Białystok
12%
Dąbrowa Górnicza
12%
Gorzów Wielkopolski
12%
Tychy
12%
Bytom
9%
Elbląg
9%
Ruda Śląska
9%
Płock
6%
Radom
6%
Sosnowiec
6%
Olsztyn
3%
Nie znaleziono quizów pasujących do podanych kryteriów
Rozkład punktacji
Procent ludzi z każdym wynikiem
Percentyl według liczby udzielonych odpowiedzi
Twoja historia wyników
Nie rozwiązałeś tego quizu